| 000 | 01126nam a2200241 i 4500 | ||
|---|---|---|---|
| 001 | bg | ||
| 245 | 0 | 0 |
_aMechanizmy i narzędzia gospodarki rynkowej / _c[red. nauk. Jan Szczygielski]. |
| 246 | 1 | 1 | _aMechanisms and tools in the market economy |
| 260 |
_aWrocław : _bOficyna Wydawnicza PW, _c1996. |
||
| 300 |
_a108, [1] s. : _bwykr. ; _c24 cm. |
||
| 490 | 1 |
_aPrace Naukowe Instytutu Nauk Ekonomiczno-Społecznych Politechniki Wrocławskiej. Studia i Materiały = _aScientific Papers of the Institute of Economic and Social Sciences of the Technical University of Wrocław. Studies and Research, _x0239-3212 ; _v19 |
|
| 500 | _aTyt. równol. : Mechanisms and tools in the market economy. | ||
| 500 | _aNumeracja ser. gł. : 54. | ||
| 504 | _aBibliogr. przy pracach. | ||
| 651 | 9 |
_aPolska _xgospodarka _xpolityka _yod 1989 r. |
|
| 700 | 1 |
_aSZCZYGIELSKI, Jan. _eRed. |
|
| 830 | 0 |
_aPrace Naukowe Instytutu Nauk Ekonomiczno-Społecznych Politechniki Wrocławskiej. _pStudia i Materiały ; _v19 |
|
| 040 | _cBPK | ||
| 041 | 0 | _apl | |
| 080 | _a338.22(438)"1989/..." | ||
| 942 | _cKS | ||
| 008 | s pl f |000 0 pol | ||
| 999 |
_c31870 _d31870 |
||
| 856 |
_uhttp://koha.tu.koszalin.pl/cgi-bin/koha/opac-detail.pl?biblionumber=31870 _yKatalog online BPK |
||